| 000 | 01760nam0a2200373 4500 | ||
|---|---|---|---|
| 001 | RU\NLR\bibl\200896 | ||
| 005 | 20250619093215.0 | ||
| 010 |
_a5-89009-126-3 _9300 |
||
| 021 |
_aRU _b2001-15785 _9734 |
||
| 035 | _a(NLR Aleph) 000197266 | ||
| 090 |
_a1142403 _c1142403 |
||
| 100 | _a20010619d2000 |||y0rusy50 ca | ||
| 101 | 0 | _arus | |
| 102 | _aRU | ||
| 105 | _aa ||||||||| | ||
| 200 | 1 |
_aЭлектротехника и основы электроники _eЭлектр. цепи и методы их анализа _eУчеб. пособие по направлению 550600 "Горное дело" и спец. 090100 "Маркшейдер. дело", 090200 "Подзем. разраб. месторождений полез. ископаемых" _fЕ. И. Папанцева _gМ-во образования Рос. Федерации, Норил. индустр. ин-т |
|
| 210 |
_aНорильск _cНИИ _d2000 |
||
| 215 |
_a128 с. _cил. _d21 |
||
| 320 | _aБиблиогр.: с. 125 | ||
| 606 | 0 |
_aЭлектрические цепи _jРуководства, пособия и т.п. для высшей школы _91132756 _3RU\NLR\auth\66130918 |
|
| 606 | 0 |
_aЭлектрические цепи _jУчебные издания для высшей школы _91132756 _3RU\NLR\auth\66130918 |
|
| 610 | 0 | _aЭлектрические цепи | |
| 675 |
_a621.3.011.7(075.8) _v3 _zrus |
||
| 686 |
_a45.01 _2rugasnti |
||
| 686 |
_a31.211я73 _2rubbk |
||
| 686 | _aЗ211я73-1 | ||
| 686 | _aИ-421.2я73-1 | ||
| 700 | 1 |
_aПапанцева _gЕвгения Ивановна _4070 |
|
| 801 | 0 |
_aRU _bRKP _c20010619 _gPSBO |
|
| 801 | 1 |
_aRU _bRKP _c20010619 |
|
| 801 | 2 |
_aRU _bNLR _c20020121 _grcr |
|
| 942 | _cBOOK | ||
| 980 | _aNB | ||